|
|
|
|
| LEADER |
00000nab a2200000 a 4500 |
| 001 |
vtls010538683 |
| 003 |
SK-MaSNL |
| 005 |
20260303085644.0 |
| 008 |
140328c2013 xo |r|p|||an |000 b|slo |
| 015 |
|
|
|a SNBRB2013/08
|
| 038 |
|
|
|a SPK
|
| 040 |
|
|
|a SPKCL
|b slo
|c AACR2
|e AACR2
|
| 041 |
0 |
|
|a slo
|b slo
|
| 044 |
|
|
|a xo
|c SK
|
| 072 |
|
7 |
|a 371
|x Školstvo (organizácia)
|2 konspekt
|
| 080 |
|
|
|a 371.212.72
|2 2001
|
| 100 |
1 |
|
|a Lechta, Viktor,
|d 1948-
|4 aut
|9 204822
|
| 245 |
1 |
0 |
|a Jak přežát s poruchami učení
|c Viktor Lechta
|
| 300 |
|
|
|b Obr.
|
| 650 |
0 |
7 |
|a špecifické poruchy učenia
|2 snkbucl
|9 3738
|
| 655 |
|
7 |
|a recenzie
|2 SNKPH
|9 21907
|
| 773 |
0 |
|
|t Efeta - otvor sa
|g Roč. XXIII, č. 1 (2013), s. 26-27
|x 1335-1397
|
| 787 |
0 |
8 |
|i Rec.:
|a Fisher, Gary
|t Jak přežít s poruchami učení
|d Praha : Portál, 2012
|z 9788026201564
|
| 787 |
0 |
8 |
|i Rec.:
|a Cummings, Rhoda
|t Jak přežít s poruchami učení
|d Praha : Portál, 2012
|z 9788026201564
|
| 852 |
|
|
|a SPK
|b KIS3GCP
|
| 958 |
|
|
|a RC
|2 snkbucl
|
| 999 |
|
|
|c 1800057
|d 1801987
|